000 00287nam a22001217a 4500
020 _a9789351113591
082 _a631.587
_bGUR/IR
100 _aGuru Sharan Das
_9991
245 _aIrrigation and Drainage
260 _aNew Delhi
_bRandom Publications
_c2014
300 _a294
942 _cBK
999 _c14574
_d14574